Loading...
Pallippana.
| Main Author: | |
|---|---|
| Format: | Multimedia |
| Published: |
Thiruvananthapuram :
Dept. Of Culture,
2000.
|
| Subjects: |
| LEADER | 00475nam a22001457a 4500 | ||
|---|---|---|---|
| 020 | |a 8186365842 | ||
| 082 | |a 398.2 |b NAR/P | ||
| 100 | |a Narayanan Kutty Nair,M.(Editor) | ||
| 245 | |a Pallippana. | ||
| 260 | |a Thiruvananthapuram : |b Dept. Of Culture, |c 2000. | ||
| 300 | |a 118p. | ||
| 650 | |a Folklore |z Kerala | ||
| 942 | |c MLT | ||
| 999 | |c 96746 |d 96746 | ||
| 952 | |0 0 |1 0 |4 0 |6 398_200000000000000_NAR_P |7 0 |9 89595 |a SSS |b SSS |c REF |d 2011-09-22 |g 45.00 |l 0 |o 398.2 NAR/P |p SSS03656 |r 2011-09-22 |w 2011-09-22 |y MLT | ||